00446nam a2200193Ia 4500003000900000008004100009040001300050040001300063041000800076100002000084245003800104250001700142260001900159260000900178300001000187300001200197490003700209490000600246IT-RoPAU120407s9999 xx 000 0 und d aIT-RoPAU cIT-RoPAU aita aMatta El Meskin aConsigli per la preghiera. 5a ed. aMagnano (VC) aQiqajon - Bose c1989 a79 p. c18,5 cm aSe preghi veramente, sei teologo v1